00845nam a2200217 a 450000100100000000500170001000800410002702000150006804000250008310000360010824500880014426000410023230000280027349000260030150000340032750000630036150000420042483000330046695201110049999900170061000003971020201002033707.0130717s1978 xxua 000 0 spa d a0897291735 aDO-SdBNPbspacBNPHU1 aPortell-Vilá, Herminio96590014aLos otros extranjeros en la revolución norteamericana /cHerminio Portell-Vilá. aMiami :bEdiciones Universal,c1978. a163 p. :bil. ;c23 cm.1 aEstudios Hispánicos aIncluye índice alfabético aIncluye datos biográficos del autor en la contracubierta aIncluye notas al pie de las páginas 0aEstudios Hispánicos965901 001054708MOaGRbGRcCTd2013-07-17iLF1l0o p39710-10r2020-06-25w2020-06-25y4ZPréstamo en sala c39200d39200